[Event "Andalucia-ch Seniors"]
[Site "Almeria"]
[Date "2011.04.18"]
[Round "3.4"]
[White "Lopez Banos, Antonio"]
[Black "Lerma Moreno, Juan Manuel"]
[Result "0-1"]
[WhiteElo "1780"]
[BlackElo "1897"]
[PlyCount "60"]
[EventDate "2011.04.17"]
[EventType "swiss"]
[EventRounds "6"]
[EventCountry "ESP"]
[SourceTitle "EXT 2024"]
[Source "ChessBase"]
[SourceDate "2023.10.10"]
[SourceVersion "1"]
[SourceVersionDate "2023.10.10"]
[SourceQuality "1"]

1. e4 e6 2. Nf3 d5 3. exd5 exd5 4. d4 Bg4 5. Be2 Bd6 6. h3 Bh5 7. 0-0 Ne7 8. Nc3 a6 9. Ne5 Bxe2 10. Qxe2 0-0 11. Re1 Nd7 12. Bf4 Nxe5 13. Bxe5 Ng6 14. Bxd6 Qxd6 15. Qf3 c6 16. Re3 Qb4 17. Qd1 Rfe8 18. Rb1 Rxe3 19. fxe3 Re8 20. Qd3 Qd6 21. e4 dxe4 22. Nxe4 Qd5 23. Re1 Rd8 24. Nc5 b6 25. Nxa6 Qxa2 26. Nb4 Qa4 27. c3 b5 28. Nc2 Qb3 29. Rb1 h6 30. Qe4 Qc4 0-1